00315nam a2200121Ia 4500008004100000041001200041082001100053100001700064245005900081260003800140300000800178650000700186221030s9999 xx 000 0 und d aEnglish a105.23 aV. L. Maleev 0aDiesel Engine Operation & Maintenancecby V. L. Maleev bMcGraw Hill Pub.aNew Yorkc1954 a504 aEE